General relativity
Na minha lista:
| Autor principal: | |
|---|---|
| Formato: | Livro |
| Idioma: | inglês |
| Publicado em: |
Chicago
The University of Chicago Press
1984
|
| Assuntos: | |
| Tags: |
Adicionar Tag
Sem tags, seja o primeiro a adicionar uma tag!
|
MARC
| LEADER | 00000nam a2200000 a 4500 | ||
|---|---|---|---|
| 001 | UCY7768 | ||
| 003 | CL-VaPUC | ||
| 008 | 950622e19840000US |||||||||||||||||eng|d | ||
| 020 | |a 0226870332 | ||
| 082 | 0 | 4 | |a 530.11 |b WAL |2 21 |
| 100 | 0 | |a Wald, Robert M |e author |9 338524 | |
| 245 | 1 | 0 | |a General relativity |
| 300 | |a 491 p | ||
| 942 | |c BK | ||
| 945 | |d 19950622 00:00:00 |a awong | ||
| 260 | |a Chicago |b The University of Chicago Press |c 1984 | ||
| 650 | 0 | |a Relatividad general (Física) |9 338525 | |
| 650 | 0 | |a Teoría de la relatividad |9 266149 | |
| 583 | |a last modification |c 19950622 00:00:00 |k Rodrigo Vera | ||
| 999 | |c 235085 |d 235083 | ||
| 952 | |0 0 |1 0 |4 0 |6 530_110000000000000_WAL_1984 |7 0 |8 A |9 242236 |a BIBCUR |b BIBCUR |d 2019-11-18 |i 308969K |l 11 |m 4 |o 530.11 WAL 1984 |p 308969K |r 2025-04-22 |s 2023-08-08 |w 2019-11-18 |y BK |k FIS | ||